000 00611nam a2200205Ia 4500
005 20260114155001.0
008 008 250103s9999 xx 000 0 eng d
037 _aTheses
040 _aCRL
_beng
_cCRL
041 _aeng
_2eng
084 _qCRL
100 _aShweta Rani Au.
_9869340
245 0 _aUrban and the Pathological: Delhi Through Epidemics
260 _aDelhi
_bUniversity of Delhi. Faculty of Social Science. Deptt. of Sociology
_c2024
300 _a155p.
650 _aSociology
_9869341
700 _a Abraham Janaki Gu. Yasmeen Arif Gu.
_9869342
942 _cTH
999 _c1469490
_d1469490